| 000 | 01105nam a2200205 i 4500 | ||
|---|---|---|---|
| 001 | 162983 | ||
| 003 | ES-MaACL | ||
| 005 | 20250722063155.0 | ||
| 008 | 020919s1860 fr |||| | fre d | ||
| 100 | 1 |
_aRavignan, Gustave-Xavier de La Croix de, _d1795-1858 _9175876 |
|
| 245 | 1 | 0 | _aConférences du Réverend Pére de Ravignan. |
| 260 |
_aParis : _bPoussielgue-Rusand, _c1860 ( _eTours : _fMame.) |
||
| 300 |
_a4 v. (VII, 544 p. [1] h. de lám. plegada ms. ; 630 p. ; 596 p. ; 655 p.) ; _c23 cm. |
||
| 505 | 8 | _aContiene: I. Conférences prêchées a notre-dame de Paris de 1837 a 1846 - II. Conférences prêchées a notre-dame de Paris de 1837 a 1846 - III. Conférences prêchées a notre-dame de Paris de 1837 a 1846 - IV. Le décalogue considéré comme loi de respect. | |
| 594 | _aEl contenido del v. IV, según consta en el tít., es "Conférences de 1847 et discours divers"; el tít. que consta en la descripción consta en p.1, pero no en port. | ||
| 597 | _aAntep. | ||
| 597 | _aMarc. tip. en port. | ||
| 852 | 4 |
_aES-MaACL _jG-8326-29 _z- Enc. hol. |
|
| 999 |
_c162983 _d162983 |
||